000 00651nam a2200217Ia 4500
001 IA_4142
002 000000S.A. mx 0000000000spa00
008 220117sS.A. xx 000 0 und d
010 _a183538
090 _aFOLLETO 2482
100 _aSecretaría de agricultura y recursos hidráulicos. México
245 _aProcampo, vamos al grano para progresar /
_c Secretaría de agricultura y recursos hidráulicos. México
260 _aMéxico :
_bSARH,
_cS.A.
300 _a8 h.
500 _aS/c
650 _aProcampo
_9155698
901 _aFOLLETO 2482
902 _aM
904 _aS.A.
942 _c14
999 _c183538
_d183538